We hold these "truths" : (Record no. 127081)

MARC details
000 -LEADER
campo de control de longitud fija 03944cam a2200541 i 4500
001 - NÚMERO DE CONTROL
campo de control 23882712
003 - IDENTIFICADOR DE NÚMERO DE CONTROL
campo de control BJBSDDR
005 - FECHA Y HORA DE LA ÚLTIMA TRANSACCIÓN
campo de control 20260513165010.0
006 - CÓDIGOS DE INFORMACIÓN DE LONGITUD FIJA--CARACTERÍSTICAS DEL MATERIAL ADICIONAL
campo de control de longitud fija a|||||r|||| 00| 0
007 - CAMPO FIJO DE DESCRIPCIÓN FÍSICA--INFORMACIÓN GENERAL
campo de control de longitud fija ta
008 - DATOS DE LONGITUD FIJA--INFORMACIÓN GENERAL
campo de control de longitud fija 241002s2025 nyua rb 000 0 eng d
010 ## - NÚMERO DE CONTROL DE LA BIBLIOTECA DEL CONGRESO
Número de control de LC 2024947639
020 ## - NÚMERO INTERNACIONAL ESTÁNDAR DEL LIBRO
Número Internacional Estándar del Libro 9798893310184
Información calificativa (paperback)
020 ## - NÚMERO INTERNACIONAL ESTÁNDAR DEL LIBRO
ISBN cancelado o inválido 9798893310245
Información calificativa (Ebook)
035 ## - NÚMERO DE CONTROL DEL SISTEMA
Número de control de sistema 23882712
035 ## - NÚMERO DE CONTROL DEL SISTEMA
Número de control de sistema (OCoLC)1468461796
040 ## - FUENTE DE CATALOGACIÓN
Centro catalogador/agencia de origen IG#
Lengua de catalogación eng
Normas de descripción rda
Centro/agencia transcriptor IG#
Centro/agencia modificador OCLCO
-- ZQP
-- OEK
-- OJ4
-- IUK
-- OCLCO
-- B@L
-- OCLCO
-- OQX
-- GO4
-- OCLCO
-- KYC
-- DLC
041 ## - CÓDIGO DE IDIOMA
Código de lengua del texto/banda sonora o título independiente eng
042 ## - CÓDIGO DE AUTENTICACIÓN
Código de autenticación lccopycat
043 ## - CÓDIGO DE ÁREA GEOGRÁFICA
Código de área geográfica n-us---
050 00 - SIGNATURA TOPOGRÁFICA DE LA BIBLIOTECA DEL CONGRESO
Número de clasificación JK275
Número de ítem .B954w 2025
082 04 - NÚMERO DE LA CLASIFICACIÓN DECIMAL DEWEY
Número de clasificación 320.973
Número de edición 23/eng/20250203
100 1# - ENTRADA PRINCIPAL--NOMBRE DE PERSONA
Nombre de persona Burgat, Casey
Término indicativo de función/relación compiler,
-- writer of introduction.
9 (RLIN) 48425
245 10 - MENCIÓN DEL TÍTULO
Título We hold these "truths" :
Resto del título how to spot the myths that are holding America back /
Mención de responsabilidad, etc. [compiled and introduction by] Casey Burgat.
264 #1 - PRODUCCIÓN, PUBLICACIÓN, DISTRIBUCIÓN, FABRICACIÓN Y COPYRIGHT
Producción, publicación, distribución, fabricación y copyright New York, NY :
Nombre del de productor, editor, distribuidor, fabricante Authors Equity,
Fecha de producción, publicación, distribución, fabricación o copyright [2025]
264 #4 - PRODUCCIÓN, PUBLICACIÓN, DISTRIBUCIÓN, FABRICACIÓN Y COPYRIGHT
Fecha de producción, publicación, distribución, fabricación o copyright ©2025
300 ## - DESCRIPCIÓN FÍSICA
Extensión xix, 358 pages :
Otras características físicas illustrations ;
Dimensiones 20 cm
336 ## - TIPO DE CONTENIDO
Término de tipo de contenido text
Código de tipo de contenido txt
Fuente rdacontent
337 ## - TIPO DE MEDIO
Nombre/término del tipo de medio unmediated
Código del tipo de medio n
Fuente rdamedia
338 ## - TIPO DE SOPORTE
Nombre/término del tipo de soporte volume
Código del tipo de soporte nc
Fuente rdacarrier
504 ## - NOTA DE BIBLIOGRAFÍA, ETC.
Nota de bibliografía, etc. Includes bibliographical references.
505 ## - NOTA DE CONTENIDO CON FORMATO
Nota de contenido con formato Contenidos : <br/>Introduction / Dr. Casey Burgat<br/>"The founders, in their infinite wisdom,..." / Dr. Lindsay M. Chervinsky<br/>"I vote the issues, not the party" / Dr. Lilliana Mason<br/>"The president should just..." / Alyssa Farah Griffin<br/>"Members of Congress don't do anything" / Rep. Derek Kilmer<br/>"The Supreme Court has become too political" / Stephen I. Vladeck<br/>"Politicians are bought and paid for" / Rep. Steve Israel<br/>"Lobbyists are evil" / Quardricos Driskell<br/>"Term limits will fix our broken Congress" / Dr. Casey Burgat<br/>"Bipartisanship is dead" / Dr. James M. Curry and Dr. Frances E. Lee<br/>"I wish the parties would work together" / Rep. Bill Pascrell Jr., with Mark Greenbaum<br/>"The filibuster forces compromise" / Adam Jentleson<br/>"The media wants to polarize us" / Matt Fuller<br/>"Keep your politics out of my sports" / Jane McManus<br/>Epilogue: now the real work begins / Dr. Casey Burgat<br/>Be about it: continue your civics crash course<br/>
520 ## - RESUMEN, ETC.
Sumario, etc. "In this clear-eyed guide, America's political experts cut through the spin and expose the myths holding our democracy back. Our political system is bogged down by convenient falsehoods, fueled by those who benefit from the chaos. These myths distort our view of government and prevent us from solving real problems, leaving many Americans feeling frustrated and hopeless. In We Hold These "Truths", former congressional staffer turned George Washington University grad school professor Casey Burgat leads a diverse team of officials, academics, and experts from both sides of the aisle to expose the lies at the heart of our political dysfunction. They debunk talking points about term limits, lobbyists, money in politics, and more - offering real-world insights into how our government actually works. Replacing myths with clarity and solutions, We Hold These "Truths" empowers us all to see past the distractions, understand the system, and demand the kind of government that will actually bring about positive change." --
Fuente proveedora Goodreads.
650 #0 - PUNTO DE ACCESO ADICIONAL DE MATERIA--TÉRMINO DE MATERIA
Término de materia o nombre geográfico como elemento de entrada Political culture
Subdivisión geográfica United States.
650 #0 - PUNTO DE ACCESO ADICIONAL DE MATERIA--TÉRMINO DE MATERIA
Término de materia o nombre geográfico como elemento de entrada Democracy
Subdivisión geográfica United States.
650 #0 - PUNTO DE ACCESO ADICIONAL DE MATERIA--TÉRMINO DE MATERIA
Término de materia o nombre geográfico como elemento de entrada Official secrets
Subdivisión geográfica United States
Subdivisión general History
Subdivisión cronológica 21st century.
650 #6 - PUNTO DE ACCESO ADICIONAL DE MATERIA--TÉRMINO DE MATERIA
Término de materia o nombre geográfico como elemento de entrada Secrets d'État
Subdivisión geográfica États-Unis
Subdivisión general Histoire
Subdivisión cronológica 21e siècle.
651 #0 - PUNTO DE ACCESO ADICIONAL DE MATERIA--NOMBRE GEOGRÁFICO
Nombre geográfico United States
Subdivisión general Politics and government.
651 #0 - PUNTO DE ACCESO ADICIONAL DE MATERIA--NOMBRE GEOGRÁFICO
Nombre geográfico United States
Subdivisión general Politics and government
-- History.
651 #6 - PUNTO DE ACCESO ADICIONAL DE MATERIA--NOMBRE GEOGRÁFICO
Nombre geográfico États-Unis
Subdivisión general Politique et gouvernement
-- Histoire.
651 #6 - PUNTO DE ACCESO ADICIONAL DE MATERIA--NOMBRE GEOGRÁFICO
Nombre geográfico États-Unis
Subdivisión general Politique et gouvernement.
655 #7 - TERMINO DE INDIZACIÓN--GENERO/FORMA
Datos o término principal de género/forma Essays.
Fuente del término lcgft
906 ## - ELEMENTOS DE DATOS F LOCAL, LDF (RLIN)
a 7
b cbc
c copycat
d 2
e epcn
f 20
g y-gencatlg
942 ## - ELEMENTOS DE ENTRADA SECUNDARIOS (KOHA)
Fuente del sistema de clasificación o colocación Clasificación de Library of Congress
Suprimir en OPAC No
Tipo de ítem Koha Libro
946 ## - PROCESAMIENTO DE INFORMACIÓN LOCAL (OCLC)
Iniciales del agente catalogador llh
Holdings
Estatus retirado Estado de pérdida Fuente del sistema de clasificación o colocación Estado de daño No para préstamo Colección Biblioteca de origen Biblioteca actual Ubicación en estantería Fecha de adquisición Signatura topográfica completa Código de barras Visto por última vez Copia número Tipo de ítem Koha
    Clasificación de Library of Congress     Automatización y Procesos Técnicos Biblioteca Juan Bosch Biblioteca Juan Bosch Automatización y Procesos Técnicos (1er. Piso) 13/05/2026 JK275 .B954w 2025 00000200096 13/05/2026 1 Libro